000 00919nam a2200241 a 4500
001 54928
003 BD-RjUL
005 20211209080206.0
008 161112s2006 bg ||||| |||| 00| 0 ben d
020 _a9840745212
_c: Tk.230.00
035 _a(BD-RjUL)55050
040 _aBD-RjUL
_bben
_cBD-RjUL
_dBD-RjUL
041 _aben
082 _223
_a638.1
_bHAM 2006
100 _aহান্নান, আবদুল
_9163743
245 1 0 _aমৌমাছি ও মৌমাছি পালন /
_cআবদুল হান্নান, ও আনোয়ার হোসেন
260 _aঢাকা :
_bবাংলা একাডেমী,
_c২০০৬.
300 _a[১০], ২৫২ পৃ. :
_bচিত্র ;
_c২৩ সেমি.
650 _aমৌমাছি পালন
_9163744
650 _aBeekeeping
_9163745
700 _aহোসেন, আনোয়ার
_9122132
942 _2ddc
_cBK
999 _c54928
_d54928